| 000 | 01057 a2200217 4500 | ||
|---|---|---|---|
| 001 | 28933 | ||
| 005 | 20260407155558.0 | ||
| 008 | 260407a1990 arg spa d | ||
| 003 | AR-UNSa-BCEJYS | ||
| 040 |
_aAR-UNSa-BCEJYS _bspa _cAR-UNSa-BCEJYS |
||
| 080 |
_a657 _xContabilidad |
||
| 245 | 1 | 0 | _aTemas contables fundamentales |
| 264 | 1 |
_aSan Miguel de Tucumán : _bEdiciones El Graduado _c1990 |
|
| 300 |
_a225 p. _c22 cm. |
||
| 505 | _aParte I: Comportamiento de las partidas activas y pasivas - Parte II: El valor actualizado en las partidas - Parte III: Homogeneización de la Unidad de medida - Parte IV: La homogeneización de la Unidad de medida para obtener la performance de las partidas activas y pasivas - Parte V: Ejemplo de performances de partidas activas y pasivas - Parte VI: Secuencia sugerida para obtención del resultado en un esquema en moneda homgénea. | ||
| 942 | _cBK | ||
| 590 | _aniveau_biblio:m niveau_hierar:0 | ||
| 100 | 1 | _aOstengo, Héctor Carlos | |
| 700 | 1 | _aNorton de Ostengo, María R. | |
| 700 | 1 | _aMarchese, Domingo M. | |
| 999 |
_c1754 _d1754 |
||